|
|
|
|
| LEADER |
00000nam a22000007a 4500 |
| 005 |
20220822233931.0 |
| 007 |
cr|||| |||| |
| 008 |
220822s2021 pe |||||s|||| 00||0 spa d |
| 020 |
|
|
|a 978-612-325-165-9
|
| 035 |
|
|
|a 36926
|
| 040 |
|
|
|a vLex
|
| 090 |
|
|
|c 13781
|d 13781
|
| 100 |
1 |
|
|a Landa Arroyo, César
|
| 245 |
1 |
0 |
|a Constitucin̤ y emergencia sanitaria
|h [Recurso electrn̤ico] /
|c César Landa Arroyo
|n Vol. III
|
| 256 |
|
|
|a Servicio en ln̕ea
|
| 260 |
|
|
|a Lima:
|b Palestra Editores,
|c 2021
|
| 300 |
|
|
|a 1 recurso electrn̤ico
|
| 500 |
|
|
|a En el ℓrea de Derecho Constitucional de la Facultad de Derecho de la Pontificia Universidad Catl̤ica del Per,︢ seguimos atentos en los Desayunos Constitucionales en un formato virtual, la presentacin̤ y debate de profesores(as) invitados(as) nacionales e internacionales, sobre los desafo̕s al Estado Constitucional en la lucha contra el COVID-19. De all ̕que este tercer volumen del libro electrn̤ico Constitucin̤ y Emergencia Sanitaria se caracteriza por continuar con el anl̀isis constitucional comparado. Por ello, hemos reunido en dos secciones las ponencias de nuestros expositores; por un lado, se presentan las respuestas constitucionales en la lucha contra el COVID-19 de pas̕es con un amplio arco ideolg̤ico, desde los Estado Unidos, Venezuela, Argentina y Uruguay, con resultados igualmente extremos. Por otro lado, se contina︢ dando cuenta de la experiencia nacional, pero a partir de la interpretacin̤ constitucional que se tiene desde el interior del Per,︢ en particular de las regiones del norte y sur —Arequipa, Ayacucho, Cajamarca y Lambayeque— en la lucha contra el COVID-19.
|
| 506 |
1 |
|
|a Disponible solo en los productos indicados
|d vLex Global
|d vLex Global (Academic Edition, excluding Law Schools)
|d vLex Global (U.S. Academic Edition, Law Schools)
|d vLex Global (U.S. Academic Edition, excluding Law Schools)
|d vLex Global (Academic Edition, Law Schools)
|
| 650 |
0 |
4 |
|a Derecho Constitucional
|z Per︢
|
| 740 |
0 |
|
|a vLex Libros (Servicio en ln̕ea)
|
| 856 |
4 |
0 |
|u https://app.vlex.com/#/sources/36926
|z Acceso restringido
|
| 942 |
|
|
|c BOOK
|
| 999 |
0 |
|
|a Constitutional right
|